Wavelet analysis with applications to image processing /

Wavelet analysis is among the newest additions to the arsenals of mathematicians, scientists, and engineers, and offers common solutions to diverse problems. However, students and professionals in some areas of engineering and science, intimidated by the mathematical background necessary to explore...

Full description

Bibliographic Details
Main Authors: Prasad, L. (Lakshman) (Author), Iyengar, S. S. (Sundararaja S.) (Author)
Corporate Author: Taylor & Francis
Format: eBook
Language:English
Published: Boca Raton : CRC Press, 2020.
Edition:1st.
Subjects:
Online Access:Connect to the full text of this electronic book

MARC

Tag First Indicator Second Indicator Subfields
LEADER 00000cam a22000001i 4500
001 in00004580979
006 m o d
007 cr |||||||||||
008 200115s2020 flu o 000 0 eng d
005 20220613175804.3
035 |a (FlBoTFG)9780367811310 
040 |a OCoLC-P  |b eng  |e rda  |e pn  |c OCoLC-P 
020 |a 9781000721980  |q (ePub ebook) 
020 |a 1000721981  |q (ePub ebook) 
020 |a 9780367811310  |q (electronic bk.) 
020 |a 0367811316  |q (electronic bk.) 
020 |a 9781000714166  |q (electronic bk. : PDF) 
020 |a 1000714160  |q (electronic bk. : PDF) 
020 |a 9781000718072  |q (electronic bk. : Mobipocket) 
020 |a 1000718077  |q (electronic bk. : Mobipocket) 
024 7 |a 10.1201/9780367811310  |2 doi 
035 |a (OCoLC)1140140187 
035 |a (OCoLC-P)1140140187 
050 4 |a TA1637 
072 7 |a MAT  |x 000000  |2 bisacsh 
072 7 |a MAT  |x 003000  |2 bisacsh 
072 7 |a TEC  |x 015000  |2 bisacsh 
072 7 |a UYT  |2 bicssc 
082 0 4 |a 621.367  |2 23 
100 1 |a Prasad, L.  |q (Lakshman),  |e author. 
245 1 0 |a Wavelet analysis with applications to image processing /  |c Lakshman Prasad, S. Sitharama Iyengar. 
250 |a 1st. 
264 1 |a Boca Raton :  |b CRC Press,  |c 2020. 
300 |a 1 online resource. 
336 |a text  |b txt  |2 rdacontent 
337 |a computer  |b c  |2 rdamedia 
338 |a online resource  |b cr  |2 rdacarrier 
500 |a Preliminaries. Linear, Metric, and Hilbert Spaces. Integration. Fourier Analysis. Wavelet Analysis. Construction of Wavelets. Wavelets in Image Processing. Appendix. Index. <BR><BR>Back Cover Copy 
520 |a Wavelet analysis is among the newest additions to the arsenals of mathematicians, scientists, and engineers, and offers common solutions to diverse problems. However, students and professionals in some areas of engineering and science, intimidated by the mathematical background necessary to explore this subject, have been unable to use this powerful tool.The first book on the topic for readers with minimal mathematical backgrounds, Wavelet Analysis with Applications to Image Processing provides a thorough introduction to wavelets with applications in image processing. Unlike most other works on this subject, which are often collections of papers or research advances, this book offers students and researchers without an extensive math background a step-by-step introduction to the power of wavelet transforms and applications to image processing.The first four chapters introduce the basic topics of analysis that are vital to understanding the mathematics of wavelet transforms. Subsequent chapters build on the information presented earlier to cover the major themes of wavelet analysis and its applications to image processing. This is an ideal introduction to the subject for students, and a valuable reference guide for professionals working in image processing. 
588 |a OCLC-licensed vendor bibliographic record. 
650 0 |a Image processing  |x Mathematics. 
650 0 |a Wavelets (Mathematics) 
650 7 |a MATHEMATICS / General  |2 bisacsh 
650 7 |a MATHEMATICS / Applied  |2 bisacsh 
650 7 |a TECHNOLOGY / Imaging Systems  |2 bisacsh 
655 7 |a Electronic books.  |2 local 
700 1 |a Iyengar, S. S.  |q (Sundararaja S.),  |e author. 
710 1 |a Taylor & Francis. 
730 0 |a MATHnetBASE. 
856 4 0 |u http://proxy.library.tamu.edu/login?url=https://www.taylorfrancis.com/books/9780367811310  |z Connect to the full text of this electronic book  |t 0 
999 f f |s 3e46ad20-b882-432a-bdf0-e896a8e46dc8  |i 3e46ad20-b882-432a-bdf0-e896a8e46dc8  |t 0 
952 f f |a Texas A&M University  |b College Station  |c Electronic Resources  |d Available Online  |t 0  |e TA1637   |h Library of Congress classification 
998 f f |a TA1637   |t 0  |l Available Online